| 000 | 01145cam a2200337 i 4500 | ||
|---|---|---|---|
| 999 |
_c200447315 _d65527 |
||
| 003 | TR-AnTOB | ||
| 005 | 20230224104210.0 | ||
| 007 | ta | ||
| 008 | 220210m20061999tu 001 0 tur d | ||
| 020 | _a9799757860999 | ||
| 040 |
_aTR-AnTOB _beng _erda _cTR-AnTOB |
||
| 041 | _atur | ||
| 050 | 1 | 4 |
_aHB139 _b.G8519 2006 |
| 090 |
_aHB139 _b.G8519 2006 |
||
| 100 | 1 |
_aGujarati, Damodar N. _eauthor _9588 |
|
| 245 | 1 | 0 |
_aTemel ekonometri / _cDamondar N. Gujaratı, Dawn C. Porter ; çevirenler: Ümit Şenesen, Gülay Günlük-Şenesen. |
| 250 | _aDördüncü Basım : Eylül 2006, İstanbul | ||
| 264 | 1 |
_aİstanbul : _bLiteratür Yayınları, _c2006. |
|
| 300 |
_a849 pages : _billustrations ; _c24 cm |
||
| 336 |
_atext _btxt _2rdacontent |
||
| 337 |
_aunmediated _bn _2rdamedia |
||
| 338 |
_avolume _bnc _2rdacarrier |
||
| 490 | 0 |
_aLiteratür Yayınları ; _v33 |
|
| 500 | _aIncludes index. | ||
| 650 | 7 |
_aEkonometri _2etuturkob _9312 |
|
| 700 |
_aPorter, Dawn C. _eauthor _960102 |
||
| 700 | 1 |
_aŞenesen, Ümit _etranslator _924792 |
|
| 700 |
_aGünlük-Şenesen, Gülay _etranslator _925884 |
||
| 942 |
_cBK _2lcc |
||